| 000 -CABECERA |
| Campo de control de longitud fija |
01720nam a22003137a 4500 |
| 003 - IDENTIFICADOR DEL NÚMERO DE CONTROL |
| Campo de control |
OSt |
| 005 - FECHA Y HORA DE LA ÚLTIMA TRANSACCIÓN |
| Campo de control |
20260423123926.0 |
| 008 - CÓDIGOS DE INFORMACIÓN DE LONGITUD FIJA |
| Campo de control de longitud fija |
260423t2019 xxu||||| |||| 00| 0 eng d |
| 020 ## - NÚMERO INTERNACIONAL NORMALIZADO PARA LIBROS (ISBN) |
| Número Internacional Normalizado para Libros (ISBN) |
9789811316227 |
| 020 ## - NÚMERO INTERNACIONAL NORMALIZADO PARA LIBROS (ISBN) |
| Número Internacional Normalizado para Libros (ISBN) |
9789811316210 |
| 040 ## - FUENTE DE LA CATALOGACIÓN |
| Centro catalogador de origen |
Unicoc |
| Lengua de catalogación |
spa |
| Centro que cataloga |
Bogotá (Dr. David Ordóñez Rueda) - Campus Norte |
| Centro modificador |
Bogotá (Dr. David Ordóñez Rueda) - Campus Norte |
| 082 ## - NÚMERO DE LA CLASIFICACIÓN DECIMAL DEWEY |
| Número de clasificación |
617.6072 |
| 100 ## - PUNTO DE ACCESO PRINCIPAL - NOMBRE DE PERSONA |
| 9 (RLIN) |
13030 |
| Nombre de persona |
Liu, Feng |
| 245 ## - MENCIÓN DE TÍTULO |
| Título |
Dental digital photography |
| Subtitulo o Resto del título |
: from dental clinical photography to digital smile design |
| Mención de responsabilidad etc. |
/ Feng Liu |
| 250 ## - MENCIÓN DE EDICIÓN |
| Mención de edición |
1 Ed. |
| 260 ## - PUBLICATION, DISTRIBUTION, ETC. (IMPRINT) |
| Lugar de publicación distribución etc. |
Singapore : |
| Nombre del editor distribuidor etc. |
Springer , |
| Fecha de publicación distribución etc. |
2019 |
| 300 ## - DESCRIPCIÓN FÍSICA |
| Extensión |
346 páginas |
| Otras características físicas |
Ilustraciones, diagramas, tablas, gráficas |
| 500 ## - NOTA GENERAL |
| Nota general |
Incluye referencias bibliográficas |
| 505 ## - NOTA DE CONTENIDO CON FORMATO |
| Título |
1. The history and significance of dental photography. -- |
| -- |
2. Basic concepts and knowledge of the photography. -- |
| -- |
3. Devices and equipment of the dental photography. -- |
| -- |
4. Basic techniques of clinical photography. -- |
| -- |
5. Basic images of dental clinical photography. -- |
| -- |
6. Standards for common aesthetic oral clinical photography. -- |
| -- |
7. Clinical still life and operation photography. -- |
| -- |
8. Image adjustment and application. -- |
| -- |
9. Aesthetic treatment based on clinical image. |
| 526 ## - NOTA DE INFORMACIÓN SOBRE EL PROGRAMA DE ESTUDIO |
| Institución que aplica el campo |
Unicoc |
| 546 ## - NOTA DE LENGUA |
| Nota de lengua |
Español |
| 650 #0 - PUNTO DE ACCESO ADICIONAL DE MATERIA - TÉRMINO DE MATERIA |
| 9 (RLIN) |
13031 |
| Término de materia o nombre geográfico como elemento inicial |
Fotografía dental digital |
| Subdivisión de forma |
Historia |
| Subdivisión de materia general |
Desarrollo |
| 650 #0 - PUNTO DE ACCESO ADICIONAL DE MATERIA - TÉRMINO DE MATERIA |
| 9 (RLIN) |
3234 |
| Término de materia o nombre geográfico como elemento inicial |
Fotografía dental |
| Subdivisión de forma |
Dispositivos y equipos |
| 650 #0 - PUNTO DE ACCESO ADICIONAL DE MATERIA - TÉRMINO DE MATERIA |
| 9 (RLIN) |
13033 |
| Término de materia o nombre geográfico como elemento inicial |
Tratamiento estético |
| Subdivisión de forma |
Diseño de sonrisa |
| 650 #0 - PUNTO DE ACCESO ADICIONAL DE MATERIA - TÉRMINO DE MATERIA |
| 9 (RLIN) |
13032 |
| Término de materia o nombre geográfico como elemento inicial |
Fotografía clínica |
| Subdivisión de forma |
Dental |
| 658 #0 - TÉRMINO DE INDIZACIÓN - OBJETIVO CURRICULAR |
| 9 (RLIN) |
8074 |
| Programa Académico |
Especialización en Rehabilitación Oral |
| 856 ## - LOCALIZACIÓN Y ACCESO ELECTRÓNICOS |
| Texto del enlace |
Acceso online exclusivo para comunidad Unicoc. |
| Identificador Uniforme del Recurso (URI) |
https://unicoceduco-my.sharepoint.com/:b:/g/personal/direccionbiblioteca_unicoc_edu_co/IQBg79CZw2n3TbpGhLSH2D0MAfSIxoWNgcAMnAfGDqA9ciU |
| 942 ## - ENTRADA PARA ELEMENTOS AGREGADOS (KOHA) |
| Fuente de clasificación o esquema de ordenación en estanterías |
|
| Koha [por defecto] tipo de item |
Libro electrónico |